Model for Assessment of Key Competencies for Knowledge Society in University Students

Návrh modelu pre určenie kľúčových kompetencií pre znalostnú spoločnosť pre univerzitných študentov. Osem kľúčových kompetencií. Súčasný výskum. Navrhovaný model identifikácie kľúčových kompetencií budúcich absolventov pre znalostnú spoločnosť ( 8 krokov). Hodnotenie kľúčových kompetencií pomocou mo...

Full description

Saved in:
Bibliographic Details
Main Author: Mesároš, František
Other Authors: Mesárošová, Margita, Mesároš, Peter
Format: Book Chapter
Language:English
Subjects:
Tags: Add Tag
No Tags, Be the first to tag this record!

MARC

LEADER 00000naa a2200000 4500
001 0143590
005 20240502083331.7
041 0 |a eng 
044 |a US 
245 1 0 |a Model for Assessment of Key Competencies for Knowledge Society in University Students  |c František Mesároš, Margita Mesárošová, Peter Mesároš 
520 |a Návrh modelu pre určenie kľúčových kompetencií pre znalostnú spoločnosť pre univerzitných študentov. Osem kľúčových kompetencií. Súčasný výskum. Navrhovaný model identifikácie kľúčových kompetencií budúcich absolventov pre znalostnú spoločnosť ( 8 krokov). Hodnotenie kľúčových kompetencií pomocou modelu. 
610 2 0 |a kompetencie 
610 2 0 |a absolventi 
610 2 0 |a univerzity 
610 2 0 |a meranie 
610 2 0 |a modely 
610 2 0 |a spoločnosť vedomostná 
100 1 |a Mesároš, František 
700 1 |a Mesárošová, Margita 
700 1 |a Mesároš, Peter